000 00679nam a2200205 a 4500
001 000040979
005 20201002034526.0
008 130912s1997 sp 000 0 spa d
020 _a8449304547
040 _aDO-SdBNP
_bspa
_cBNPHU
082 _axxxx
_bxxxx
100 1 _aMiller, Lisa
_967413
240 1 0 _aUnderstanding your 8 year old
245 1 0 _aComprendiendo a tu hijo de 8 años. /
_cLisa Miller; traducción, Fernando Cardenal Alcántara.
246 1 _aComprendiendo a tu hijo de ocho años
260 _aBarcelona, España :
_bPaidós,
_c1997.
300 _a95 p. ;
_c23 cm.
504 _aBibliografía p: 95
700 1 _aCardenal Alcántara, Fernando
_etrad.
_967414
999 _c40469
_d40469